| 000 | 00699nas a2200241 4500 | ||
|---|---|---|---|
| 001 | BR8400832 | ||
| 003 | BR-BrBNA | ||
| 005 | 20231205085810.0 | ||
| 007 | ta | ||
| 008 | 230509b bl.|||p| |||| 00| 00por d | ||
| 040 |
_aBR-BrBNA _bpor _cBiblioteca Nacional de Agricultura |
||
| 041 | _a(Pt) | ||
| 072 | _aL73 | ||
| 100 | 1 | _aLingnon, G.B. | |
| 245 | 1 | _aA sarna dos suinos [acaro, Sarcoptes scabiei] | |
| 246 | 1 | _a[Mange in the swine [acarid, Sarcoptes scabiei]] | |
| 650 | _aSUÍNO | ||
| 650 | _aSARNA ANIMAL | ||
| 650 | _aACARO | ||
| 773 | 0 |
_tAgroquimica (Brazil) _xISSN 0100-6312 _g(1983), (no. 22) p. 16-18 _wBR8400832 |
|
| 909 |
_a202311 _bLúcia _c55 _dLúcia Elande |
||
| 942 |
_2AGRIS _n0 _cANA |
||
| 999 |
_c113895 _d113895 |
||